Multiple Choice Region Quiz – Novigrad (Witcher 3) - Statistics

General Stats
  • This quiz has been taken 55 times
    45 since last reset
  • The average score is 8 of 10
Answer Stats
Question Answer % Correct
What game is the most popular in Novigrad? Gwent
100%
Which of the following is NOT one of the big four crime bosses of Novigrad? Bloody Baron
97%
Who is the top blacksmith in the city? Eibhear Hattori
94%
What is the object of worship of the most popular religion in the city? Eternal Fire
94%
Which of these can one do in the Docks? All of the above
91%
On what river is Novigrad located? Pontar
85%
Who holds the highest authority in Novigrad? The hierarch
74%
In which district can you find the Passiflora inn? Gildorf
56%
Which "celebrity" drunkard can be found passed out next to an empty bottles merchant in a small dock in Novigrad? Odrin
53%
How many gates does the city have? 6
18%
No matching quizzes found
Score Distribution
Percent of People with Each Score
Percentile by Number Answered
Your Score History
You have not taken this quiz since the last reset